00447pab a2200145 454500008004000000100001800040245007300058260000900131300001400140362001200154650004600166650004700212650002200259773002000281180718b2004 xxu||||| |||| 00| 0 eng d aRao, D. Pulla aStatus of primary education among scheduled tribes in Andhra Pradesh c2004 ap.97-112. aOct-Dec aSchedules tribes - India - Andhra Pradesh aPrimary education - India - Andhra Pradesh aPrimary education aIASSI Quarterly